Reprodukcia životného prostredia v podmienkach intenzifikácie národného hospodárstva kandidátska dizertačná práca

Guardado en:
Detalles Bibliográficos
Autor principal: Fillová, Beata
Autor Corporativo: Vysoká škola ekonomická v Bratislave
Otros Autores: Zapletal, Vladimír
Formato: Libro
Lenguaje:eslovaco
Publicado: Bratislava 1987
Materias:
Etiquetas: Agregar Etiqueta
Sin Etiquetas, Sea el primero en etiquetar este registro!

MARC

LEADER 00000nam a2200000 4500
001 c002740
005 20221219095106.3
041 0 |a slo 
044 |a SK 
245 1 0 |a Reprodukcia životného prostredia v podmienkach intenzifikácie národného hospodárstva  |b kandidátska dizertačná práca  |c Beata Fillová ; Škol. Vladimír Zapletal 
264 1 |a Bratislava  |c 1987 
300 |a 176 s. 
610 2 0 |a prostredie životné 
610 2 0 |a intenzifikácia 
610 2 0 |a zdroje prírodné 
610 2 0 |a mechanizmus hospodársky 
610 2 0 |a nástroje riadenia 
610 2 0 |a kvalita 
610 2 0 |a proces reprodukčný 
610 2 0 |a ČSFR 
610 2 0 |a Slovensko 
100 1 |a Fillová, Beata 
700 1 |a Zapletal, Vladimír 
710 2 |a Vysoká škola ekonomická v Bratislave